Online
Catalog

Los miliarios de la provincia tarraconense : (Record no. 6446)

MARC details
000 -CABECERA
campo de control de longitud fija 01192cam a2200277 a 4500
001 - NÚMERO DE CONTROL
campo de control 000006656
005 - FECHA Y HORA DE LA ÚLTIMA TRANSACCIÓN
campo de control 20200929153951.0
008 - DATOS DE LONGITUD FIJA--INFORMACIÓN GENERAL
campo de control de longitud fija 940919s1992 sp ab b 001 0 spa c
020 ## - NÚMERO INTERNACIONAL ESTÁNDAR DEL LIBRO
Número Internacional Estándar del Libro 8478201289
040 ## - FUENTE DE LA CATALOGACIÓN
Centro catalogador/agencia de origen DO-SdBNP
Lengua de catalogación spa
Centro/agencia transcriptor CU
Centro/agencia modificador DLC
-- BNPHU
082 ## - NÚMERO DE LA CLASIFICACIÓN DECIMAL DEWEY
Número de clasificación 936.
Número de documento/Ítem L881m
049 ## - FONDOS LOCALES (OCLC)
Fondos de biblioteca BNGR
100 1# - ENTRADA PRINCIPAL--NOMBRE DE PERSONA
Nombre de persona Lostal Pros, Joaquín.
9 (RLIN) 18500
245 14 - MENCIÓN DE TÍTULO
Título Los miliarios de la provincia tarraconense :
Resto del título conventos tarraconense, cesaraugustano, cluniense y cartaginense /
Mención de responsabilidad, etc. Joaquín Lostal Pros; prólogo, Miguel Beltrán Lloris.
260 ## - PUBLICACIÓN, DISTRIBUCIÓN, ETC.
Lugar de publicación, distribución, etc. Zaragoza, España :
Nombre del editor, distribuidor, etc. Institución Fernando el Católico,
Fecha de publicación, distribución, etc. 1992.
300 ## - DESCRIPCIÓN FÍSICA
Extensión 456 p. :
Otras características físicas il., mapas ;
Dimensiones 31 cm.
490 1# - MENCIÓN DE SERIE
Mención de serie Institución Fernando el Católico
Designación de volumen o secuencia 1314
504 ## - NOTA DE BIBLIOGRAFÍA, ETC.
Nota de bibliografía, etc. Incluye referencias bibliográficas (p. 279-296)
504 ## - NOTA DE BIBLIOGRAFÍA, ETC.
Nota de bibliografía, etc. Incluye índice
650 #4 - PUNTO DE ACCESO ADICIONAL DE MATERIA--TÉRMINO DE MATERIA
Término de materia o nombre geográfico como elemento de entrada Miliarios
Subdivisión geográfica Tarragona(Provincia Española{Rpara}
9 (RLIN) 18501
650 #4 - PUNTO DE ACCESO ADICIONAL DE MATERIA--TÉRMINO DE MATERIA
Término de materia o nombre geográfico como elemento de entrada Inscripciones, latin
Subdivisión geográfica España
-- Tarragona (Provincia{Rpara}
9 (RLIN) 18502
651 #4 - PUNTO DE ACCESO ADICIONAL DE MATERIA--NOMBRE GEOGRÁFICO
Nombre geográfico Tarragona (España : Provincia{Rpara}
Subdivisión general Antigüedades, Roma
9 (RLIN) 18503
700 1# - PUNTO DE ACCESO ADICIONAL--NOMBRE DE PERSONA
Nombre de persona Beltrán Lloris, Miguel,
Término indicativo de función/relación pról.
9 (RLIN) 18504
830 #0 - PUNTO DE ACCESO ADICIONAL DE SERIE-TÍTULO UNIFORME
Título uniforme Institución Fernando el Católico
Designación de volumen o secuencia 1314
9 (RLIN) 16722
910 ## - DATOS DE OPCIÓN DEL USUARIO (OCLC)
Datos de opción del usuario Catalogación por copia / LC
Holdings
Estado de retiro Estado de pérdida Restricciones de uso No para préstamo Código de colección Localización permanente Ubicación/localización actual Ubicación en estantería Fecha de adquisición Número de inventario Total de préstamos Signatura topográfica completa Código de barras Fecha visto por última vez Precio válido a partir de Tipo de ítem Koha
        Monografías: Libros y Folletos General General En catalogación 01.09.2009 LF1   936. L881m 6656-10 25.06.2020 25.06.2020 Préstamo en sala

Powered by Koha